100 World Best Athletes of the XXI Century - Statistics

General Stats
  • This quiz has been taken 111 times
  • The average score is 32 of 100
Answer Stats
Rank Sport Gender Athete % Correct
2 Tennis F Serena Williams
96%
3 Soccer M Lionel Messi
95%
1 Swimming M Michael Phelps
95%
13 Soccer M Cristiano Ronaldo
93%
8 Golf M Tiger Woods
93%
4 Basketball M LeBron James
92%
87 Soccer M Ronaldo Nazário
92%
6 Tennis M Roger Federer
90%
86 Tennis F Venus Williams
87%
5 Football M Tom Brady
86%
14 Basketball M Stephen Curry
84%
12 Tennis M Rafael Nadal
80%
11 Tennis M Novak Djokovic
79%
10 Basketball M Kobe Bryant
78%
7 Gymnastics F Simone Biles
73%
9 Athletics M Usain Bolt
70%
19 Formula 1 M Lewis Hamilton
68%
39 Basketball M Kevin Durant
64%
17 Basketball M Shaquille O'Neal
55%
29 Formula 1 M Michael Schumacher
45%
65 Soccer M Kylian Mbappé
44%
25 Boxing M Floyd Mayweather
41%
67 Basketball M James Harden
40%
66 MMA M Jon Jones
40%
50 Soccer M Zinedine Zidane
39%
94 Soccer M Ronaldinho
38%
22 Ice Hockey M Sidney Crosby
38%
42 Basketball M Giannis Antetokounmpo
37%
18 Football M Patrick Mahomes
37%
26 Football M Peyton Manning
37%
80 Tennis M Andy Murray
35%
35 Basketball M Dwayne Wade
35%
28 Basketball M Nikola Jokic
35%
16 Basketball M Tim Duncan
35%
75 Soccer M Xavier Hernández
34%
54 Ice Hockey M Aleksandr Ovechkin
33%
57 Football M Calvin Johnson
33%
47 NASCAR M Jimmie Johnson
33%
70 Soccer M Andrés Iniesta
31%
83 Basketball M Chris Paul
31%
41 Basketball M Dirk Nowitzki
30%
30 Baseball M Mike Trout
30%
15 Swimming F Katie Ledecky
28%
32 Soccer F Marta
28%
48 Soccer M Thierry Henry
28%
55 Soccer M Luka Modric
27%
85 Basketball M Kawhi Leonard
26%
84 Basketball M Lauren Jackson
26%
53 Baseball M Derek Jeter
25%
98 Ice Hockey M Connor McDavid
24%
23 Basketball M Kevin Garnett
24%
91 Football M Aaron Rodgers
23%
60 Basketball F Candace Parker
23%
93 Golf M Rory McIlroy
23%
62 Baseball M Shohei Ohtani
23%
51 Basketball M Steve Nash
22%
95 Soccer M Zlatan Ibrahimovic
22%
43 Baseball M Alex Rodríguez
21%
71 Boxing M Manny Pacquiao
21%
38 Baseball M Barry Bonds
20%
68 Golf M Phil Mickelson
20%
72 Snowboard M Shaun White
20%
61 Football M Ray Lewis
19%
92 Baseball M Pedro Rodríguez
18%
24 Baseball M Albert Pujols
16%
31 Baseball M Clayton Kershaw
15%
33 Baseball M Miguel Cabrera
15%
79 Baseball M Bryce Harper
14%
90 Basketball F A'ja Wilson
13%
45 Baseball M David Ortiz
13%
76 MMA M Georges Saint-Pierre
13%
40 Baseball M Justin Verlander
13%
46 Baseball M Max Scherzer
13%
64 Soccer F Mia Hamm
13%
99 Football M Ed Reed
12%
58 Football M Justin James Watt
11%
59 Baseball M Mariano Rivera
11%
27 Football M Randy Moss
11%
73 Baseball M Mookie Betts
10%
20 Football M Aaron Donald
9%
37 Baseball M Ichiro Suzuki
9%
69 Basketball M Jason Kidd
9%
44 Ski F Mikaela Shiffrin
9%
97 Cricket M Virat Kohli
9%
21 Basketball F Diana Taurasi
8%
89 Golf F Annika Sørenstam
7%
56 Soccer F Alexia Putellas
6%
74 Basketball F Lisa Leslie
6%
88 Baseball M Roy Halladay
6%
52 Baseball M Adrián Beltré
5%
49 Soccer F Aitana Bonmati
5%
78 Boxing M Bernard Hopkins
5%
77 Athletics F Shely-Ann Fraser Price
5%
63 Athletics F Allyson Felix
4%
96 Football M Darrelle Revis
4%
36 Basketball F Maya Moore
4%
100 Football M Charles Woodson
3%
82 Gymnastics M Kohei Uchimura
3%
81 Basketball F Sheryl Swoopes
3%
34 Basketball F Tamika Catchings
3%
No matching quizzes found
Score Distribution
Percent of People with Each Score
Percentile by Number Answered
Your Score History
You have not taken this quiz